000 00546nam a2200193Ia 4500
008 151121s9999||||xx |||||||||||||| ||und||
082 _a813/कदम
082 _bHNW-115061
100 _aकदम बाबा
245 _aशोभा
260 _b"दिलीपराज प्रकाशन प्रा। लि।, पुणे।"
260 _c2011
300 _a398
600 _aकदम बाबा
630 _aशोभा
700 _aकदम बाबा
730 _aशोभा
942 _cBOOK
999 _c1263849
_d1263846